MARC
| LEADER | 00000 a2200000 04500 | ||
|---|---|---|---|
| 001 | 28977 | ||
| 003 | |||
| 008 | 991231s d | ||
| 040 | |||
| 020 | |a 950-9231-87-8 | ||
| 022 | |a 950-9231-87-8 | ||
| 090 | |a 190502 | ||
| 100 | |a Boron, Atilio A. | ||
| 110 | |a Consejo Latinoamericano de Ciencias Sociales | ||
| 245 | |a Filosofía política contemporánea. Controversias sobre civilización imperio y ciudadanía / |c Atilio A. Boron | ||
| 260 | |a Buenos Aires: |b CLACSO | ||
| 300 | |a 384 p | ||
| 500 | |a Faltan páginas en el documento de la 27 a la 32 | ||
| 650 | |a CIVILIZACION | ||
| 650 | |a CIUDADANIA | ||
| 650 | |a PERSONALIDAD | ||
| 650 | |a TEORIA POLITICA | ||
| 650 | |a GUERRA | ||
| 999 | |c 12927 |d 12927 | ||



